Prevencia vzniku nedostatkov stanovených pri DPH vybraných podnikateľských subjektov v regióne Michalovce diplomová práca

Gespeichert in:
Bibliographische Detailangaben
1. Verfasser: Vaňová, Jozefína
Körperschaft: Podnikovohospodárska fakulta EU so sídlom v Košiciach. Katedra hospodárskej informatiky a matematiky
Weitere Verfasser: Tkáč, Michal, 1958-
Format: Buch
Sprache:Slowakisch
Veröffentlicht: Košice 2012
Tags: Tag hinzufügen
Keine Tags, Fügen Sie das erste Tag hinzu!

MARC

LEADER 00000nbm a2200000 4500
001 0153271
005 20161109102101.5
041 0 |a slo 
044 |a SK 
245 1 0 |a Prevencia vzniku nedostatkov stanovených pri DPH vybraných podnikateľských subjektov v regióne Michalovce  |b diplomová práca  |c Jozefína Vaňová ; školiteľ: Michal Tkáč 
264 1 |a Košice  |c 2012 
300 |a 64 s. 
100 1 |a Vaňová, Jozefína 
700 1 |a Tkáč, Michal, 1958- 
710 2 |a Podnikovohospodárska fakulta EU so sídlom v Košiciach. Katedra hospodárskej informatiky a matematiky